ASEAN Countries on a Map by Capitals - Statistics

General Stats
  • This quiz has been taken 130 times
  • The average score is 10 of 12
Answers on the Map
Answers color-coded by a green-red scale on the quiz's map according to % correct below.
 
Answer Stats
Hint Answer % Correct
Member State Jakarta
94%
Member State Manila
94%
Member State Bangkok
92%
Member State Singapore
88%
Member State Kuala Lumpur
87%
Member State Hanoi
85%
Member State Vientiane
78%
Member State Phnom Penh
77%
Observer Dili
75%
Member State Naypyidaw
72%
Member State Bandar Seri Begawan
70%
Observer Port Moresby
65%
No matching quizzes found
Score Distribution
Percent of People with Each Score
Percentile by Number Answered
Your Score History
You have not taken this quiz